000 01370nam a2200373 a 4500
008 110901s1969 mx # f |||| 001 0 spa d
020 _aS/N
041 _aspa
092 _c616.08
_l15
_sDEL
100 1 _aDe la Fuente Muñiz, Ramón
_91354
245 _aPsicología médica /
_cRamón de la Fuente Muñiz
250 _a1a ed. 8a reimp.
260 _aMéxico:
_bFondo de Cultura Económica;
_c1969.
300 _a444 p.
500 _aDe la Fuente Muñiz, R. (1969). Psicología médica. (1a ed.). México : Fondo de Cultura Económica.
653 _aPsicología y medicina
653 _aEvolución histórica de los conceptos medico-psicológicos
653 _aUnidad bio-psico-social del hombre
653 _aNaturaleza de los procesos mentales
653 _aBase neural de los procesos mentales: las emociones, la conciencia
653 _aPersonalidad
653 _aTemperamento, los motivos de la conducta y el caracter
653 _aAngustia
653 _aInfancia y adolescencia
653 _aNeurosis
653 _aPsicosis
653 _aPsicopatología infantil
653 _aMedicina psicosomática. Postulados básico sy corrientes actuales
653 _aPadecimientos psicosomaticos
653 _aExamen psicológico
653 _aPsicoterapia
653 _aTerapéutica orgánica de los trastornos psíquicos
942 _2ddc
_cBK
999 _c910
_d910